Báje a bajky Podorlicka /

Hlavní autor: Tříška, Josef, 1922-2005
Další autoři: Pešek, Richard, 1954-
Jazyk: Čeština
Vydáno: Ústí nad Orlicí : Oftis, 1998
Vydání: 1. vyd.
Témata:
Fyzický popis: 124 s. : il. ; 21 cm
Knihy
Uloženo v:
LEADER 01175nam a2200349 a 4500
001 000366745
003 CZ BrMZK
005 20110719211202.0
007 ta
008 980115s1998 xr a f cze d
015 |a cnb000537345 
020 |a 80-86042-09-X 
035 |a (OCoLC)57740736 
040 |a BOA001  |b cze 
080 |a 885.0-191  |2 MRF 
080 |a 885.0-34  |2 MRF 
080 |a 398.2(437.147)  |2 MRF 
100 1 |a Tříška, Josef,  |d 1922-2005  |7 jk01140305  |4 aut 
245 1 0 |a Báje a bajky Podorlicka /  |c Josef Tříška ; [ilustrace Richard Pešek] 
250 |a 1. vyd. 
260 |a Ústí nad Orlicí :  |b Oftis,  |c 1998 
300 |a 124 s. :  |b il. ;  |c 21 cm 
500 |a Bibliogr. 
653 0 |a podorlické bajky  |a podorlické báje 
700 1 |a Pešek, Richard,  |d 1954-  |7 jo20000082754  |4 ill 
910 |a BOA001  |b 2-1051.275  |b PK-0131.895 
920 |a 000412757 
964 |a Bajky podorlické 
964 |a Báje podorlické 
990 |a BK 
996 7 |b 2610080628  |c 2-1051.275  |l MZK  |r Sklad / do 1 hodiny  |n 3  |p p.v.  |w 000366745  |u 000010  |a 1  |e BOA001  |j MZK50  |s A 
996 7 |b 3119016544  |c PK-0131.895  |l MZK  |r Sklad / do 1 hodiny  |n 8  |p kup  |w 000366745  |u 000020  |a 1  |e BOA001  |j MZK50  |s A